000 00509nam a2200145Ia 4500
008 200110s9999 xx 000 0 und d
020 _a9.7801303219e+012
100 _aStringer, Robert
245 _cRobert Stringer.--
_aLeadership and organizational climate :
_bthe cloud chamber effect /
260 _aUpper Saddle River, N.J. :
_bPrentice Hall,
_c2002
300 _axxvi, 308 pages
_c20.5 cm.
500 _aIncldes references and index.
650 _a Leadership.
650 _aOrganizational behavior.
999 _c362886
_d362886